01136nam a2200265 a 450000100100000000500170001000800410002702000180006802000150008604000250010108200200012610000350014624500440018126000360022530000210026150000630028259000270034565000270037265000310039991000370043095201360046795201240060395201300072799900130085700000056820240530073910.0081127s2008 dr 000 f spa d a9789945865707 a9945865706 aDO-SdBNPbspacBNPHU aRD863.44bL864u1 aLópez, Sandino,d1957-9186913aEl único pasajero /cSandino López. aSanto Domingo :bBúho,c2008. a937 p. ;c23 cm. aIncluye referencias biográficas del autor en las solapas aInventariado, 2020/MAA 0aNovela dominicana9223 0aLiteratura dominicana.967 aValidado. Control de calidad MFF 001056708DSaBNPHUbBNPHUcHDd2009-07-16iLF1l0oRD863.44 L864up568-30r2020-06-25te. 3w2020-06-25yLF1ZPréstamo interno 001053718PDaBNPHUbBNPHUcHDd2009-07-16iLF1l0oRD863.44 L864up568-10r2020-06-25w2020-06-25yLF1ZNo se presta 001053718PDaBNPHUbBNPHUcHDd2009-07-16iLF1l0oRD863.44 L864up568-20r2020-06-25te. 2w2020-06-25yLF1ZNo se presta c566d566